000 00210 a2200097 4500
001 42962
100 _aGilmore
245 _aMe & my Russian wife
260 _aLondon
_bW Faulsha & Co
_c
090 _c26839
_d26839
942 _aNUST-CAE
_cM
_c18712
999 _c278035
_d278035